00378nam a2200157Ia 4500001000500000005001700005008004100022041000800063082001600071100003900087245004100126260000900167300002800176650000800204654000800212844920260306160610.0260306t1933||||xx |||||||||||||| ||spa|| aESP a371.07bF55 aFitzpatrick, Edward Augustus,eAUT 0aSt. Ignatius and the ratio studiorum c1933 a275 páginas :c23 cm. aGEN aCED